000 00682nam a22002177a 4500
005 20170124110212.0
010 _a320745
020 _c00.00
035 _a320745
037 _bCen Lib/Ret
040 _aDPL
_bEN
082 _a899.6
_bMOO
100 _aMoore, Geoffrey
_938302
245 _aAmerican literature :
_cby Geoffrey Moore
_ba representative anthology of american writing from colonial times to the present /
260 _aLondon
_bFaber & Faber
_c1964
270 _bLondon
_a24 russell square
300 _a1328p.
_c19cm(Hb)
650 _aAmerican Literature
_923223
650 _aHistorical aspects
_938303
942 _2ddc
_cEN
_h899.6
_mMOO
999 _c133567
_d133567